000 00819nam a2200229Ii 4500
003 JO-AjNU
008 230605s9999||||xx |||||||||||||| ||und||
017 _a2008/9/3328
020 _a9957-16-481-2
040 _aJO-AjNU
_bara
_erda
_cJO-AjNU
041 _aara
050 1 4 _aK1308.N828.2009
100 3 _a النعيمي ، سحر رشيد,
_eauthor
_925518
245 0 0 _aتحديد المسؤولية بتكوين شركة أو الإشتراك فيها " دراسة تحليلية مقارنة "
250 _aط1
264 3 1 _aعمان : دار الثقافة ، 2009
300 _a238ص
336 _atext
_btxt
_2rdacontent
337 _aunmediated
_bn
_2rdamedia
338 _avolume
_bnc
_2rdacarrier
650 4 _aالقانون التجاري -- تحديد المسؤولية -- الشركات
_925519
999 _aA9554
_c13122
_d13122